000 00976nam a2200313Ia 4500
001 Para_6799
003 CHAP
008 220125s1940 xx 000 0 und d
010 _a205595
040 _cCHAP
082 _aPA-C 633 B85
110 _aUniversity of Maine
_9171653
245 _aReport of progress for year ending june 30, 1940 /
_c by University of Maine
260 _aOrono, Maine :
_b The Maine Agricultural Experiment Station
300 _a294 p.
440 _aBulletin; 400
_9171654
500 _aEncuadernado con otros impresos similares
650 _aAgricultura
_x investigación
_x EUA
_9171655
650 _aCultivos
_x EUA
_x Colecciones de escritos
_9171611
650 _aFruticultura
_x EUA
_9171656
650 _aHorticultura
_x EUA
_9171657
901 _aPA-C 633 B85
902 _aA
905 _a0000001940 0000000000 00
910 _a1940
942 _cPARA
942 _cPARA
_d1
999 _c205595
_d205595